Guess the US City by Skyline - Statistics

General Stats
  • This quiz has been taken 129 times
  • The average score is 15 of 23
Answer Stats
Picture Answer % Correct
Seattle
97%
St Louis
92%
Chicago
89%
New York City
89%
Las Vegas
85%
Washington DC
84%
Miami
76%
San Francisco
73%
Los Angeles
72%
Salt Lake City
68%
Dallas
65%
Honolulu
65%
Denver
58%
Atlanta
57%
Minneapolis
54%
Detroit
52%
Philadelphia
49%
Milwaukee
42%
San Diego
42%
Boise
41%
Baltimore
40%
Portland
37%
Tampa
34%
No matching quizzes found
Score Distribution
Percent of People with Each Score
Percentile by Number Answered
Your Score History
You have not taken this quiz